000 00626nam a2200193Ia 4500
005 20250923145451.0
008 008 250917s9999 xx 000 0 eng d
037 _aTextual
040 _aDSWL
_beng
_cDSWL
041 _aeng
_2eng
084 _aW,64.2' N77<--N7, N78
_qDSWL
245 0 _aReport of the Committee on Panchayati Raj Institutions, 1978
_c by Ministry of Agriculture and Irrigation
260 _aNew Delhi
_bDelhi Agricultures & Irrigation
_c1978
300 _avii,301 p.
365 _aINR
_b14
925 _g14
942 _cTEXL
_hW,64.2' N77<--N7, N78
999 _c1451708
_d1451708